00828nam a2200193 a 450000100100000000500170001000800410002704000250006808200160009310000400010924501270014926000420027630000210031870000350033904900090037495201200038395201140050399900170061700002642120240305131111.0110317s1987 dr 000 0 spa d aDO-SdBNPbspacBNPHU axxxxbP896r1 aTardif, Emiliano,d1928-199993503010aRepública Dominicana, estado No. 52 de los Estados Unidos de Norteamérica /cEmiliano Tardif ; José H. Prado Flores. aSanto Domingo :bAlfa y Omega,c1987. a160 p. ;c22 cm.1 aPrado Flores, José H.910971 aBNPD 0010718PDaPDbPDcCTd2011-03-17iLF1l0oxxxx P896rp26421-10r2020-06-25te. 2w2020-06-25yLFPDZNo se presta 0010718PDaPDbPDcCTd2011-03-17iLF1l0oxxxx P896rp26421-20r2020-06-25w2020-06-25yLFPDZNo se presta c25913d25913